PRINCIPLES OF MATHEMATICAL ANALYSIS (Record no. 19499)

MARC details
000 -LEADER
fixed length control field 00305nam a22001337a 4500
003 - CONTROL NUMBER IDENTIFIER
control field SGT
020 ## - INTERNATIONAL STANDARD BOOK NUMBER
International Standard Book Number 978-1-25-906478-4
082 ## - DEWEY DECIMAL CLASSIFICATION NUMBER
Classification number 515
Item number RUD
100 ## - MAIN ENTRY--PERSONAL NAME
Personal name RUDIN, WALTER
245 ## - TITLE STATEMENT
Title PRINCIPLES OF MATHEMATICAL ANALYSIS
260 ## - PUBLICATION, DISTRIBUTION, ETC. (IMPRINT)
Place of publication, distribution, etc DELHI
Name of publisher, distributor, etc MC GRAW HILL
Year of Publication 2019
300 ## - PAGE DESCRIPTION
No. of Pages 342
942 ## - ADDED ENTRY ELEMENTS (KOHA)
Source of classification or shelving scheme Dewey Decimal Classification
Koha item type Books
942 ## - ADDED ENTRY ELEMENTS (KOHA)
-- 5
Holdings
Withdrawn status Lost status Source of classification or shelving scheme Damaged status Not for loan Home library Current library Shelving location Date acquired Vendor Name Cost, normal purchase price SGTU Bill Number Total Checkouts Full call number Accession No. (Barcode) Date last seen Date last borrowed Bill Date Koha item type
    Dewey Decimal Classification     SGT Science & Social Sciences Library SGT Science & Social Sciences Library Text Book 30/11/2019 ABC 425.00 SGTU 11575 1 515 RUD PS6026 07/10/2024 18/09/2024 30/11/2019 Books
    Dewey Decimal Classification     SGT Science & Social Sciences Library SGT Science & Social Sciences Library Text Book 30/11/2019 ABC 425.00 SGTU 11575   515 RUD PS6027 30/11/2019   30/11/2019 Books
    Dewey Decimal Classification     SGT Science & Social Sciences Library SGT Science & Social Sciences Library Text Book 30/11/2019 ABC 425.00 SGTU 11575 3 515 RUD PS6028 04/07/2024 04/07/2024 30/11/2019 Books
    Dewey Decimal Classification     SGT Science & Social Sciences Library SGT Science & Social Sciences Library Text Book 30/11/2019 ABC 425.00 SGTU 11575   515 RUD PS6029 30/11/2019   30/11/2019 Books
    Dewey Decimal Classification     SGT Science & Social Sciences Library SGT Science & Social Sciences Library Text Book 30/11/2019 ABC 425.00 SGTU 11575 1 515 RUD PS6030 11/11/2024 29/10/2024 30/11/2019 Books